La infalibilidad de la iglesia

Uloženo v:
Podrobná bibliografie
Hlavní autoři: Rousseau, O (Autor), Allmen, J. J. von (Autor), Dupuy, B. D (Autor), Reynders, B (Autor), Vooght, P. de (Autor), Thils, G (Autor), Afanassiev, N (Autor), Balmforth, H (Autor), Bose, J (Autor)
Médium: Kniha
Jazyk:španělština
Vydáno: Barcelona Estela 1964
Edice:Ecclesia, 9
Témata:
Tagy: Přidat tag
Žádné tagy, Buďte první, kdo vytvoří štítek k tomuto záznamu!

MARC

LEADER 00000nam a2200000 a 4500
001 UCR2245
003 CL-VaPUC
008 980109e19640000SP |||||||||||||||||spa|d
082 0 4 |a 262  |b ROU  |2 21 
100 0 |a Rousseau, O  |e author  |9 400075 
700 0 |a Allmen, J. J. von  |e author  |9 400076 
700 0 |a Dupuy, B. D  |e author  |9 400077 
700 0 |a Reynders, B  |e author  |9 400078 
700 0 |a Vooght, P. de  |e author  |9 400079 
700 0 |a Thils, G  |e author  |9 400080 
700 0 |a Afanassiev, N  |e author  |9 400081 
700 0 |a Balmforth, H  |e author  |9 400082 
700 0 |a Bose, J  |e author  |9 400083 
245 1 3 |a La infalibilidad de la iglesia 
300 |a 267 p 
942 |c BK 
945 |d 19980109 00:00:00  |a rleighto 
260 |a Barcelona  |b Estela  |c 1964 
650 0 |a Iglesia   |9 255004 
650 0 |a Nuevo testamento  |9 257604 
650 0 |a Biblia  |9 257603 
650 0 |a Escolástica  |9 345541 
650 0 |a Verdad  |9 313815 
583 |a last modification  |c 19980109 00:00:00  |k Rodrigo Vera 
490 0 |a Ecclesia, 9 
999 |c 265501  |d 265499 
952 |0 0  |1 0  |4 0  |6 262_000000000000000_ROU_1964  |7 0  |8 A  |9 296448  |a BIBTEO  |b BIBTEO  |d 2019-11-20  |i 3386368  |o 262 ROU 1964  |p 3386368  |r 2025-01-17  |w 2019-11-20  |y BK  |k ICR